Sustainable soils : The place of organic matter in sustaining soils and their productivity
This book shows the importance of organic matter in maintaining crop production. The addition of organic matter to soil is covered in great detail. This book is unique in that it draws on practical farming operations to illustrate many of the points discussed. The senior author has had almost 60 yea...
Bewaard in:
| Hoofdauteur: | |
|---|---|
| Formaat: | Boek |
| Taal: | Undetermined |
| Gepubliceerd in: |
New York
Food Products Press
2003
|
| Onderwerpen: | |
| Tags: |
Voeg label toe
Geen labels, Wees de eerste die dit record labelt!
|
| Thư viện lưu trữ: | Trung tâm Học liệu Trường Đại học Cần Thơ |
|---|
| LEADER | 01088nam a2200217Ia 4500 | ||
|---|---|---|---|
| 001 | CTU_153075 | ||
| 008 | 210402s9999 xx 000 0 und d | ||
| 020 | |c 53.85 | ||
| 082 | |a 631.451 | ||
| 082 | |b W853 | ||
| 100 | |a Wolf, Benjamin | ||
| 245 | 0 | |a Sustainable soils : | |
| 245 | 4 | |b The place of organic matter in sustaining soils and their productivity | |
| 245 | 0 | |c Benjamin Wolf, George H. Snyder. | |
| 260 | |a New York | ||
| 260 | |b Food Products Press | ||
| 260 | |c 2003 | ||
| 520 | |a This book shows the importance of organic matter in maintaining crop production. The addition of organic matter to soil is covered in great detail. This book is unique in that it draws on practical farming operations to illustrate many of the points discussed. The senior author has had almost 60 years of experience in solving production problems—many of which have been related to insufficient organic matter. | ||
| 650 | |a Humus,Conservation tillage,Đất mùn,Bảo tồn đất trồng | ||
| 904 | |i Trọng Hải | ||
| 980 | |a Trung tâm Học liệu Trường Đại học Cần Thơ | ||